| 000 | 00544nam a2200181Ia 4500 | ||
|---|---|---|---|
| 003 | GCL | ||
| 008 | 140319s9999 xx 000 0 eng d | ||
| 040 |
_aGCL / _cGCL |
||
| 082 | 0 | 4 |
_a070.13 _bA L |
| 100 | 1 | _aLYUNGGREN, FLORENCE | |
| 245 | 1 | 0 |
_aANNOTATED GUIDE TO JOURNALS: DEALING WITH THE MIDDLE EAST AND NORTH AFRICA / _cLYUNGGREN, FLORENCE |
| 700 | 1 | _aHAMDY, MOHAMMED | |
| 260 |
_a[S.N] : _bTHE AMERICAN UNIVERSITY IN CAIRO PRESS ، _c1964 |
||
| 300 | _a107 P | ||
| 650 | 0 | 4 | _aJOURNALISM - GUIDE |
| 650 | 0 | 4 | _aJOURNALS |
| 942 |
_2ddc _cBK |
||
| 999 |
_c14400 _d14400 |
||